000 00788nam a2200253 i 4500
003 DO-SdBNP
005 20250206095451.0
007 ta
008 090716s2023 dr a 000 f spa d
040 _aDO-SdBNP
_bspa
_cBNPHU
_erda
082 4 _aRD863.5
_bA577h
_222
100 1 _aAndújar, R. Emmanuel |
_q (Rey Emmanuel)
_eautor
_96668
245 1 3 _aEl hombre triángulo /
_cRey Emmanuel Andújar.
264 1 _aEstados Unidos de América :
_bessential Icon Press
_c2003
300 _a64 páginas ;
_c22 cm.
336 _2rdacontent
_atexto
_btxt
337 _2rdamedia
_asin mediación
_bn
338 _2rdacarrier
_avolumen
_bnc
590 _aInventariado, 2024 /DG
650 4 _aNovela dominicana
_9223
650 4 _aLiteratura dominicana.
_967
910 _aDG
942 _2ddc
_cLBS1
999 _c57981
_d57981